000 00478nam a2200181Ia 4500
008 180921t2016 xxu||||| |||| 00| 0 sin d
041 _asin
080 _a8-31
_bSIN
100 _aSingh, Khushwant
245 _aඅන්තිම දුම්රිය
246 _aAntima Dumriya
260 _bSubha Publisher
_aMount Lavinia
_c2016
300 _a246p, 19cm
700 _aKulasena Fonseka
_etr.
942 _cBK
999 _c10517
_d10517
003 LK-CoDNM
040 _aLK-CoDNM
_dLK-CoDNM
_eLK-CoDNM